Normal view
MARC view
- HONDURAS -
Entry Nombre Geográfico
001 - NÚMERO DE CONTROL
- campo de control: 24448
003 - IDENTIFICADOR DE NUMERO DE CONTROL
- campo de control: UPN
005 - FECHA Y HORA DE LA ÜLTIMA TRANSACCIÓN
- campo de control: 20210219194012.0
008 - DATOS DE LONGITUD FIJA
- campo de control de longitud fija: nabaccnnaabn|||||||||| b |nc|||||d
035 ## - NÚMERO DE CONTROL
- Número de control: UPN10000024457
040 ## - FUENTE DE CATALOGACIÓN
- Lenguaje de catalogación: SPA
- Agencia de transcripción: UPN
151 ## - ENCABEZAMIENTO - NOMBRE GEOGRÁFICO
- Nombre geográfico: HONDURAS -
- Subdivisión general : HISTORIA -
- Subdivisión cronológica : GOLPE DE ESTADO, 2009
670 ## - FUENTE EN LA QUE SE LOCALIZARON DATOS
- Cita de la fuente: LC
- Información localizada: Honduras - History - Coup d état, 2009
902 ## - CATALOGADOR
- Catalogador: MCM/260116
